Účtovanie opčných obchodov

Výklad pojmov opcia a opčné obchody. Účtovné zobrazenie opčných obchodov. Názorné príklady účtovania opcií. Slovník použitých pojmov.

Salvato in:
Dettagli Bibliografici
Autore principale: Švec, Ľuboš
Altri autori: Užík, Ján, 1969-
Natura: Capitolo di libro
Lingua:slovacco
Soggetti:
Tags: Aggiungi Tag
Nessun Tag, puoi essere il primo ad aggiungerne!!

MARC

LEADER 00000naa a2200000 4500
001 r041202
005 20231002073612.7
041 0 |a slo 
044 |a SK 
245 1 0 |a Účtovanie opčných obchodov  |c Luboš Švec, Ján Užík 
520 |a Výklad pojmov opcia a opčné obchody. Účtovné zobrazenie opčných obchodov. Názorné príklady účtovania opcií. Slovník použitých pojmov. 
610 2 0 |a účtovanie 
610 2 0 |a opcie 
610 2 0 |a obchody opčné 
610 2 0 |a pojmy 
610 2 0 |a slovníky 
100 1 |a Švec, Ľuboš 
700 1 |a Užík, Ján, 1969-